Statistics for 2019 National Geographic GeoBee State Champions Map Quiz

Click here to take the quiz!

General Stats

  • This quiz has been taken 99 times
    (13 since last reset)
  • The average score is 12 of 50

Answers on the Map

Answers color-coded by a green-red scale on the quiz's map according to % correct below.
Loading ...
 

Answer Stats

Answer% Correct
Warren Huang
71%
Aarush Tutiki
43%
Aditya Narayanan
43%
Alana Tirado
43%
Anish Raja
43%
Nihar Janga
43%
Rishi Kumar
43%
Vaibhav Hariram
43%
Adhav Ravikumar
29%
Adhi Anandaraj
29%
Andrew Minagar
29%
Anish Susarla
29%
Atreya Mallanna
29%
Dylan Rem
29%
Jishnu Nayak
29%
Joss Poteet
29%
Karthik Varigonda
29%
Kaylan Patel
29%
Krish Nathan
29%
Lakshay Sood
29%
Leo Lemman
29%
Lukas Koutsokous
29%
Matthew McDonald
29%
Omkar Gadewar
29%
Satvik Pochiraju
29%
Simon Kutz
29%
William Chen
29%
Advait Singh
14%
Ahilan Eraniyan
14%
Aristuto Paul
14%
Ben Fischer
14%
Christian Aquino
14%
Daniel Nirenblatt
14%
Dillion Davis
14%
Eli Terrell
14%
Gabriel Hendrix
14%
Garrett Fleischmann
14%
Griffin Terras
14%
Jack Stark
14%
Jacob LeBrun
14%
Justin Didden
14%
Luke Szczepiorskowski
14%
Matthew Christensen
14%
Michael Tipton
14%
Noah Lockey
14%
Sam Connely
14%
Sean Hodges
14%
Taylor Smith
14%
Vega Tariyal
14%
Wyatt Boyd
14%

Score Distribution

Percentile by Number Answered

Percent of People with Each Score

Your Score History

You have not taken this quiz since the last reset